[Event "EU-ch (Men) 11th"]
[Site "Rijeka"]
[Date "2010.03.08"]
[Round "3.168"]
[White "Porfireanu, Serban"]
[Black "Dragomirescu, Robin Alexandru"]
[Result "0-1"]
[WhiteElo "2034"]
[BlackElo "2372"]
[PlyCount "48"]
[EventDate "2010.03.06"]
[EventType "swiss"]
[EventRounds "11"]
[EventCountry "CRO"]
[SourceDate "2010.03.06"]

1. e4 c5 2. Nc3 Nc6 3. Nf3 e6 4. d3 d5 5. e5 Nge7 6. Bg5 Qc7 7. Bf4 Ng6 8. Qd2
Nxf4 9. Qxf4 f6 10. O-O-O fxe5 11. Qg3 a6 12. d4 cxd4 13. Ne2 Bd6 14. Qg4 d3
15. Rxd3 e4 16. Rc3 exf3 17. Nd4 e5 18. Ne6 Bxe6 19. Qxe6+ Qe7 20. Qxd5 Nb4 21.
Qa5 fxg2 22. Bb5+ axb5 23. Qxa8+ Kf7 24. Rf3+ Ke6 0-1

[Event "EU-ch (Men) 11th"]
[Site "Rijeka"]
[Date "2010.03.08"]
[Round "3.169"]
[White "Klasan, Elvis"]
[Black "Bach, Adrian"]
[Result "0-1"]
[WhiteElo "1995"]
[BlackElo "2251"]
[PlyCount "94"]
[EventDate "2010.03.06"]
[EventType "swiss"]
[EventRounds "11"]
[EventCountry "CRO"]
[SourceDate "2010.03.06"]

1. e4 c5 2. Nf3 d6 3. c3 Nf6 4. Bc4 e6 5. d3 Nbd7 6. O-O a6 7. Re1 b5 8. Bb3
Bb7 9. Nbd2 Be7 10. Nf1 O-O 11. Ng3 Qc7 12. Bc2 Rac8 13. Bf4 Rfe8 14. Qd2 Bf8
15. Rad1 e5 16. Bg5 h6 17. Be3 Ng4 18. Nf5 Kh7 19. h3 Nxe3 20. Nxe3 Nf6 21. b3
g6 22. c4 Bg7 23. Nd5 Nxd5 24. exd5 f5 25. Nh2 Bf6 26. g3 Re7 27. f3 Rf8 28.
Re2 Bc8 29. Rde1 Rg7 30. Rg2 b4 31. Kh1 e4 32. Qd1 Bc3 33. Ree2 f4 34. Rxe4
Bxh3 35. gxf4 Bxg2+ 36. Kxg2 h5 37. d4 Bxd4 38. Qe2 Qd8 39. Nf1 Rxf4 40. Rxf4
Qg5+ 41. Ng3 Qxf4 42. Nxh5 Qg5+ 43. Ng3 Re7 44. Be4 Be5 45. f4 Bxf4 46. Qh5+
Kg7 47. Qxg5 Bxg5 0-1

[Event "EU-ch (Men) 11th"]
[Site "Rijeka"]
[Date "2010.03.08"]
[Round "3.170"]
[White "Papadakis, Michalis"]
[Black "Valkovic, Kristian"]
[Result "1-0"]
[WhiteElo "2244"]
[BlackElo "2027"]
[PlyCount "87"]
[EventDate "2010.03.06"]
[EventType "swiss"]
[EventRounds "11"]
[EventCountry "CRO"]
[SourceDate "2010.03.06"]

1. d4 f5 2. c4 Nf6 3. Nc3 g6 4. g3 Bg7 5. Bg2 d6 6. d5 O-O 7. Nh3 c6 8. Nf4
cxd5 9. cxd5 Na6 10. O-O Bd7 11. Be3 Ng4 12. Bd4 Ne5 13. e3 Qa5 14. a3 Rfc8 15.
b4 Qd8 16. Ne6 Bxe6 17. dxe6 Rcb8 18. h3 Nc7 19. f4 Nc6 20. Bxg7 Kxg7 21. b5
Na5 22. Qd4+ Kg8 23. Qb4 Ne8 24. e4 Ng7 25. Rad1 Rc8 26. exf5 Rc4 27. Qb2 Nxf5
28. Rd3 Qb6+ 29. Rf2 Ne3 30. Bd5 Rac8 31. Bxc4 Naxc4 32. Qe2 Qc5 33. Ne4 Qb6
34. Kh2 Nf5 35. a4 Nd4 36. Qg4 d5 37. Ng5 Nf5 38. Qf3 h6 39. Nf7 d4 40. g4 Qxe6
41. gxf5 Qxf7 42. fxg6 Qf5 43. Qxb7 Nd6 44. Qxe7 1-0

[Event "EU-ch (Men) 11th"]
[Site "Rijeka"]
[Date "2010.03.08"]
[Round "3.171"]
[White "Spichkin, Alexander"]
[Black "Nastic, Milorad"]
[Result "1-0"]
[WhiteElo "2241"]
[BlackElo "2009"]
[PlyCount "31"]
[EventDate "2010.03.06"]
[EventType "swiss"]
[EventRounds "11"]
[EventCountry "CRO"]
[SourceDate "2010.03.06"]

1. b3 e5 2. Bb2 d6 3. e3 Be7 4. Nc3 c6 5. d4 Bf6 6. Ne4 exd4 7. Nxf6+ Nxf6 8.
Qxd4 Bf5 9. O-O-O d5 10. f3 Qb6 11. Qf4 Be6 12. g4 Nbd7 13. g5 Nh5 14. Qh4
Qxe3+ 15. Kb1 Nhf6 16. Bd4 1-0

[Event "EU-ch (Men) 11th"]
[Site "Rijeka"]
[Date "2010.03.08"]
[Round "3.172"]
[White "Sgnaolin, Davide"]
[Black "Lanzani, Giuliano"]
[Result "1-0"]
[WhiteElo "2234"]
[BlackElo "1992"]
[PlyCount "29"]
[EventDate "2010.03.06"]
[EventType "swiss"]
[EventRounds "11"]
[EventCountry "CRO"]
[SourceDate "2010.03.06"]

1. e4 c5 2. c3 Nf6 3. e5 Nd5 4. Nf3 Nc6 5. Bc4 Nb6 6. Bb3 d6 7. exd6 Qxd6 8.
Na3 e6 9. d4 cxd4 10. Nb5 Qd8 11. Bf4 e5 12. Nxe5 Qe7 13. Bxf7+ Kd8 14. Nxd4
Nxe5 15. Ne6# 1-0

[Event "EU-ch (Men) 11th"]
[Site "Rijeka"]
[Date "2010.03.08"]
[Round "3.173"]
[White "Beletic, Daniel"]
[Black "Stefan, Mario"]
[Result "1-0"]
[WhiteElo "2232"]
[BlackElo "1973"]
[PlyCount "65"]
[EventDate "2010.03.06"]
[EventType "swiss"]
[EventRounds "11"]
[EventCountry "CRO"]
[SourceDate "2010.03.06"]

1. d4 Nf6 2. c4 g6 3. g3 Bg7 4. Bg2 d5 5. cxd5 Nxd5 6. Nf3 O-O 7. O-O Bf5 8.
Qb3 Nb6 9. Nc3 Be6 10. Qc2 Nc6 11. Rd1 Nb4 12. Qb1 c6 13. h3 Qc8 14. Kh2 Rd8
15. e4 h6 16. Bf4 g5 17. Be3 Nc4 18. Bc1 Nd6 19. a3 Bb3 20. axb4 Bxd1 21. Nxd1
Nb5 22. Ne3 e6 23. d5 cxd5 24. exd5 exd5 25. Nf5 Qe6 26. Nxg7 Kxg7 27. Qd3 Qb6
28. b3 Rac8 29. Bb2+ d4 30. Rd1 Nc3 31. Rd2 Qxb4 32. Nxd4 Kf8 33. Qh7 1-0

[Event "EU-ch (Men) 11th"]
[Site "Rijeka"]
[Date "2010.03.08"]
[Round "3.174"]
[White "Gebigke, Martin"]
[Black "Zrilic, Bozo"]
[Result "1-0"]
[WhiteElo "2232"]
[BlackElo "1968"]
[PlyCount "69"]
[EventDate "2010.03.06"]
[EventType "swiss"]
[EventRounds "11"]
[EventCountry "CRO"]
[SourceDate "2010.03.06"]

1. d4 Nf6 2. c4 e6 3. Nf3 Bb4+ 4. Bd2 c5 5. Bxb4 cxb4 6. g3 b6 7. Bg2 Bb7 8.
O-O O-O 9. Qc2 Be4 10. Qb3 a5 11. Nbd2 Bc6 12. Qd3 d5 13. Ne5 Bb7 14. Qe3 Nbd7
15. Rfd1 Rc8 16. Rac1 Qe7 17. Qf4 Nxe5 18. dxe5 Nd7 19. h4 f6 20. exf6 Nxf6 21.
cxd5 exd5 22. Rxc8 Bxc8 23. Bf3 Qc5 24. Nb3 Qc4 25. Bxd5+ Qxd5 26. Rxd5 Nxd5
27. Qd6 Nf6 28. Nd4 b5 29. e4 Bh3 30. f3 h5 31. e5 Ng4 32. e6 Rc8 33. fxg4 Rc1+
34. Kh2 hxg4 35. e7 1-0

[Event "EU-ch (Men) 11th"]
[Site "Rijeka"]
[Date "2010.03.08"]
[Round "3.175"]
[White "Juranic, Bruno"]
[Black "Srdoc, Nenad"]
[Result "1-0"]
[WhiteElo "2220"]
[BlackElo "1954"]
[PlyCount "71"]
[EventDate "2010.03.06"]
[EventType "swiss"]
[EventRounds "11"]
[EventCountry "CRO"]
[SourceDate "2010.03.06"]

1. e4 c6 2. d4 d5 3. exd5 cxd5 4. Bd3 Nc6 5. c3 g6 6. Nf3 Nh6 7. Bf4 Bf5 8. O-O
Bg7 9. Re1 Bxd3 10. Qxd3 O-O 11. Nbd2 e6 12. Ng5 Nf5 13. g4 Nd6 14. Qg3 Ne8 15.
h4 h6 16. Nh3 Nf6 17. Kg2 Re8 18. Rh1 Nh7 19. Nf3 Nf6 20. Ne5 Ne4 21. Qe3 f5
22. f3 Nxe5 23. dxe5 fxg4 24. fxe4 gxh3+ 25. Kxh3 Kh7 26. Rhg1 Rg8 27. Rad1 Qd7
28. exd5 Qf7 29. d6 g5 30. Qe4+ Kh8 31. hxg5 hxg5 32. Bxg5 Qh5+ 33. Qh4 Qxh4+
34. Bxh4 Bxe5 35. Rxg8+ Kxg8 36. d7 1-0

[Event "EU-ch (Men) 11th"]
[Site "Rijeka"]
[Date "2010.03.08"]
[Round "3.176"]
[White "Nakas, Spyridon"]
[Black "Tate, Alan"]
[Result "0-1"]
[WhiteElo "1949"]
[BlackElo "2215"]
[PlyCount "90"]
[EventDate "2010.03.06"]
[EventType "swiss"]
[EventRounds "11"]
[EventCountry "CRO"]
[SourceDate "2010.03.06"]

1. e4 g6 2. d3 Bg7 3. Nf3 c5 4. c3 Nf6 5. g3 O-O 6. Bg2 Nc6 7. O-O d6 8. Re1 e5
9. Nbd2 h6 10. Nf1 Be6 11. h3 Qd7 12. Kh2 d5 13. Qc2 Rac8 14. g4 h5 15. g5 Ne8
16. Ng3 b5 17. a3 d4 18. Qe2 Na5 19. Bd2 Nb3 20. Rad1 a5 21. Nh4 Nxd2 22. Qxd2
dxc3 23. bxc3 Bb3 24. Bf3 Bxd1 25. Rxd1 c4 26. Qe3 Qe6 27. dxc4 Qxc4 28. Rd3
Nc7 29. Be2 Ne6 30. Rd5 Qxc3 31. Rd3 Qc5 32. Qf3 Qc1 33. Re3 Nd4 34. Qg2 Nc2
35. Ngf5 Nxe3 36. Nxe3 Qxa3 37. Bxh5 gxh5 38. Nhf5 Rc3 39. Nd5 Rxh3+ 40. Qxh3
Qxh3+ 41. Kxh3 b4 42. Nfe7+ Kh7 43. Nc6 b3 44. Nxa5 b2 45. Nc3 Rc8 0-1

[Event "EU-ch (Men) 11th"]
[Site "Rijeka"]
[Date "2010.03.08"]
[Round "3.177"]
[White "Civric, Zdravko"]
[Black "Jokic, Miljenko"]
[Result "1-0"]
[WhiteElo "2207"]
[BlackElo "1949"]
[PlyCount "72"]
[EventDate "2010.03.06"]
[EventType "swiss"]
[EventRounds "11"]
[EventCountry "CRO"]
[SourceDate "2010.03.06"]

1. Nf3 d5 2. d4 Nf6 3. c4 Bf5 4. cxd5 Nxd5 5. Nbd2 Nf6 6. Qb3 Qc8 7. Ne5 e6 8.
Ndf3 Be7 9. Bd2 O-O 10. g3 Be4 11. Bg2 Nc6 12. Nxc6 Bxc6 13. O-O Ne4 14. Be3 a5
15. Rac1 f6 16. Ne1 Qd7 17. Qc2 f5 18. f3 Nd6 19. Nd3 Bf6 20. Bf2 Nb5 21. e3
Rac8 22. Rfd1 Qe7 23. a4 Nd6 24. Nc5 Kh8 25. e4 fxe4 26. fxe4 Bg5 27. Ra1 e5
28. d5 Bd7 29. h4 Bh6 30. Nxd7 Qxd7 31. Qc3 Qf7 32. Rf1 Qh5 33. Bc5 Rxf1+ 34.
Rxf1 Qe8 35. b3 g6 36. Ba3 Be3+ 1-0

[Event "EU-ch (Men) 11th"]
[Site "Rijeka"]
[Date "2010.03.08"]
[Round "3.178"]
[White "Antoniacci, Ricardo"]
[Black "Sheshkin, Matan"]
[Result "0-1"]
[WhiteElo "1934"]
[BlackElo "2207"]
[PlyCount "142"]
[EventDate "2010.03.06"]
[EventType "swiss"]
[EventRounds "11"]
[EventCountry "CRO"]
[SourceDate "2010.03.06"]

1. e4 c5 2. Nf3 d6 3. d4 Nf6 4. Nc3 cxd4 5. Nxd4 e6 6. Bb5+ Nbd7 7. Be3 a6 8.
Bxd7+ Bxd7 9. O-O b5 10. a3 Be7 11. f4 Qc7 12. Qf3 O-O 13. g4 d5 14. e5 Ne8 15.
Qg3 b4 16. axb4 Bxb4 17. Nce2 f6 18. g5 f5 19. c3 Be7 20. Ra2 Qb7 21. b4 Nc7
22. Rfa1 Rfc8 23. Qg2 Bb5 24. Ra3 Bc4 25. Nc1 Nb5 26. Nxb5 Bxb5 27. Bd4 Kf7 28.
Nb3 g6 29. Bc5 h6 30. Bxe7 Qxe7 31. Nc5 hxg5 32. Qxg5 Qxg5+ 33. fxg5 Rc6 34.
Kf2 Ke7 35. Ra5 Bc4 36. h4 Kd8 37. Ke3 Kc7 38. Kd4 Rh8 39. Rh1 Bb5 40. Ra2 Rh5
41. Ke3 Bc4 42. Ra5 Kd8 43. Kf4 Kc7 44. Kg3 Kb6 45. Nd7+ Kb7 46. Rc5 Rh8 47.
Rxc6 Kxc6 48. Nc5 d4 49. cxd4 Kd5 50. Rd1 f4+ 51. Kh3 f3 52. Nd7 Be2 53. Nf6+
Kc4 54. Rc1+ Kxd4 55. Kg3 Kxe5 56. Rc5+ Kd4 57. Ng4 Rf8 58. Nf2 e5 59. Rc6 Rg8
60. Re6 Bc4 61. Rd6+ Bd5 62. Ng4 Rb8 63. Nf6 Rb5 64. h5 gxh5 65. g6 e4 66.
Rxd5+ Rxd5 67. Nxd5 h4+ 68. Kf2 h3 69. g7 h2 70. g8=Q h1=Q 71. Qg5 Qh2+ 0-1

[Event "EU-ch (Men) 11th"]
[Site "Rijeka"]
[Date "2010.03.08"]
[Round "3.179"]
[White "Kostanjsek, Zorko"]
[Black "Camber, Ivan"]
[Result "1-0"]
[WhiteElo "2204"]
[BlackElo "1921"]
[PlyCount "81"]
[EventDate "2010.03.06"]
[EventType "swiss"]
[EventRounds "11"]
[EventCountry "CRO"]
[SourceDate "2010.03.06"]

1. e3 d5 2. f4 c5 3. Nf3 Nc6 4. Bb5 Bg4 5. h3 Bxf3 6. Bxc6+ bxc6 7. Qxf3 Nf6 8.
b3 Ne4 9. O-O g6 10. Bb2 Nf6 11. d3 Bg7 12. e4 d4 13. Nd2 O-O 14. Nc4 Nd7 15.
a4 Nb6 16. Nd2 e5 17. fxe5 Bxe5 18. a5 Nd7 19. Nc4 Bc7 20. Bc1 Ne5 21. Nxe5
Bxe5 22. Bh6 Bg7 23. Bxg7 Kxg7 24. e5 Qd5 25. Qf6+ Kg8 26. Rae1 Rae8 27. Re4
Re6 28. Qf4 f6 29. exf6 Rexf6 30. Qxf6 Rxf6 31. Rxf6 Kg7 32. Rfe6 Qg5 33. Re7+
Kh6 34. Re2 Qc1+ 35. Kh2 Qd1 36. Rf2 a6 37. h4 Qg4 38. g3 Qd1 39. Rff7 Kh5 40.
Rxh7+ Kg4 41. Re4+ 1-0

[Event "EU-ch (Men) 11th"]
[Site "Rijeka"]
[Date "2010.03.08"]
[Round "3.180"]
[White "Jambresic, Jurica"]
[Black "Pogosian, Vladimir"]
[Result "0-1"]
[WhiteElo "1898"]
[BlackElo "2204"]
[PlyCount "112"]
[EventDate "2010.03.06"]
[EventType "swiss"]
[EventRounds "11"]
[EventCountry "CRO"]
[SourceDate "2010.03.06"]

1. e4 d6 2. d4 Nf6 3. Nc3 g6 4. g3 h5 5. h4 Nc6 6. Bg5 Bg7 7. Bb5 a6 8. Bxc6+
bxc6 9. Nge2 Rb8 10. b3 Bg4 11. O-O Qc8 12. f3 Bh3 13. Rf2 Nh7 14. Bf4 f6 15.
Qd2 Nf8 16. Kh2 Bd7 17. Be3 Be6 18. d5 Bd7 19. Nd4 c5 20. Nde2 c6 21. Raf1 Qb7
22. Qd3 cxd5 23. exd5 Bf5 24. Qd2 Nd7 25. Bf4 Nb6 26. Rd1 Rc8 27. Ne4 Bxe4 28.
fxe4 Nd7 29. c4 O-O 30. Bh6 Rf7 31. Bxg7 Rxg7 32. Nf4 Nf8 33. Qe3 a5 34. a4 Rb8
35. Rd3 Nd7 36. Kg2 Ne5 37. Rc3 Ng4 38. Qd2 Nxf2 39. Kxf2 Qb4 40. Ne6 Rh7 41.
Qe3 Qa3 42. Qf3 Qb2+ 43. Kg1 Qd2 44. Rd3 Qh6 45. Re3 Rf7 46. Kg2 g5 47. Rd3
gxh4 48. gxh4 Kh8 49. Kh3 Rg8 50. Nf4 Rh7 51. Rd2 Rg4 52. Rf2 Rhg7 53. Rf1 f5
54. Ne6 Qf6 55. Ng5 R7xg5 56. Qf2 f4 0-1

[Event "EU-ch (Men) 11th"]
[Site "Rijeka"]
[Date "2010.03.08"]
[Round "3.181"]
[White "Jelecevic, Ivo"]
[Black "Pejic, Igor"]
[Result "1-0"]
[WhiteElo "2203"]
[BlackElo "1912"]
[PlyCount "51"]
[EventDate "2010.03.06"]
[EventType "swiss"]
[EventRounds "11"]
[EventCountry "CRO"]
[SourceDate "2010.03.06"]

1. e4 c6 2. Nc3 d5 3. Nf3 Bg4 4. h3 Bxf3 5. Qxf3 Nf6 6. d3 e6 7. Bd2 Nbd7 8. g4
Bb4 9. g5 Ne5 10. Qg3 Nfd7 11. f4 Ng6 12. f5 exf5 13. exf5 Ne7 14. Qf4 Qa5 15.
a3 c5 16. O-O-O Bxc3 17. Bxc3 Qb6 18. Bxg7 Rg8 19. f6 Nc6 20. Re1+ Nde5 21.
Rxe5+ Nxe5 22. Qxe5+ Qe6 23. Qxe6+ fxe6 24. Be2 b5 25. Bh5+ Kd7 26. Re1 1-0

[Event "EU-ch (Men) 11th"]
[Site "Rijeka"]
[Date "2010.03.08"]
[Round "3.182"]
[White "Winkler, Stefan"]
[Black "Ofstad, Per"]
[Result "1/2-1/2"]
[WhiteElo "1877"]
[BlackElo "2197"]
[PlyCount "89"]
[EventDate "2010.03.06"]
[EventType "swiss"]
[EventRounds "11"]
[EventCountry "CRO"]
[SourceDate "2010.03.06"]

1. e4 e5 2. Nf3 Nc6 3. Bb5 a6 4. Ba4 Nf6 5. O-O Nxe4 6. d4 b5 7. Bb3 d5 8. dxe5
Be6 9. Nbd2 Nc5 10. a4 b4 11. Re1 Be7 12. Nf1 O-O 13. Ng3 Nxb3 14. cxb3 Na5 15.
Nd4 Qd7 16. Qd3 c5 17. Ndf5 g6 18. Nxe7+ Qxe7 19. Bh6 Rfc8 20. Nh5 Qh4 21. Nf6+
Kh8 22. Be3 d4 23. Bd2 Bf5 24. Qf3 Nc6 25. Qd5 Nd8 26. Qd6 Ne6 27. Rac1 Rc7 28.
Bxb4 Rd8 29. Qb6 Rdc8 30. Ba5 Rc6 31. Qb7 Ng5 32. Bd2 Be6 33. b4 R8c7 34. Qb8+
Rc8 35. Qb7 R8c7 36. Qb8+ Rc8 37. Qa7 c4 38. Qe7 R6c7 39. Qd6 Rc6 40. Qe7 R6c7
41. Qd6 d3 42. Re3 Rc6 43. Qe7 R6c7 44. Qd6 Rc6 45. Qe7 1/2-1/2

[Event "EU-ch (Men) 11th"]
[Site "Rijeka"]
[Date "2010.03.08"]
[Round "3.183"]
[White "Hartung, Jerry"]
[Black "Di Lazzaro, Gabriele"]
[Result "1-0"]
[WhiteElo "2191"]
[BlackElo "1911"]
[PlyCount "81"]
[EventDate "2010.03.06"]
[EventType "swiss"]
[EventRounds "11"]
[EventCountry "CRO"]
[SourceDate "2010.03.06"]

1. d4 d5 2. Nf3 Nf6 3. e3 Bg4 4. c4 e6 5. Nc3 c6 6. cxd5 exd5 7. Be2 Nbd7 8. h3
Bh5 9. a3 a5 10. Rb1 Bd6 11. b4 axb4 12. axb4 Ne4 13. Nxe4 dxe4 14. Nd2 Bxe2
15. Qxe2 Qe7 16. O-O O-O 17. Rd1 Nf6 18. b5 Nd5 19. Rb3 Ra2 20. bxc6 bxc6 21.
Qc4 Qd7 22. Nxe4 Qf5 23. Rd2 Rxd2 24. Nxd2 Qg6 25. Ba3 Ra8 26. Bxd6 Qxd6 27.
Rb1 h6 28. Rc1 Rc8 29. Nf3 Rc7 30. Ne5 Nb4 31. f4 Nd5 32. Qb3 Nb4 33. Rc5 Nd5
34. Qb8+ Kh7 35. Nxf7 Qe6 36. Qh8+ Kg6 37. Ne5+ Kf5 38. Qh7+ g6 39. Qxh6 Nxe3
40. Nxg6+ Nd5 41. Nh4+ 1-0

[Event "EU-ch (Men) 11th"]
[Site "Rijeka"]
[Date "2010.03.08"]
[Round "3.184"]
[White "Malachi, Avraham"]
[Black "Pfeifer, Antun"]
[Result "1/2-1/2"]
[WhiteElo "2188"]
[BlackElo "1900"]
[PlyCount "41"]
[EventDate "2010.03.06"]
[EventType "swiss"]
[EventRounds "11"]
[EventCountry "CRO"]
[SourceDate "2010.03.06"]

1. e4 c5 2. Nf3 d6 3. d4 cxd4 4. Nxd4 Nf6 5. Nc3 a6 6. Bg5 e6 7. f4 b5 8. Bd3
Nbd7 9. a3 Qc7 10. Qf3 Bb7 11. O-O-O Qb6 12. Bxf6 Nxf6 13. Rhe1 Be7 14. Qg3 g6
15. e5 Nh5 16. Qg4 dxe5 17. fxe5 O-O-O 18. Be4 Ng7 19. Qf3 Nf5 20. Bxb7+ Qxb7
21. Nxf5 1/2-1/2

[Event "EU-ch (Men) 11th"]
[Site "Rijeka"]
[Date "2010.03.08"]
[Round "3.185"]
[White "Gandolfi, Gianfranco"]
[Black "Pantaleoni, Claudio"]
[Result "0-1"]
[WhiteElo "1855"]
[BlackElo "2179"]
[PlyCount "66"]
[EventDate "2010.03.06"]
[EventType "swiss"]
[EventRounds "11"]
[EventCountry "CRO"]
[SourceDate "2010.03.06"]

1. e4 c5 2. Nf3 e6 3. d4 cxd4 4. Nxd4 a6 5. Nc3 Qc7 6. a3 Nf6 7. Be3 b5 8. Bd3
d6 9. f4 Nbd7 10. O-O Be7 11. Kh1 Bb7 12. Nf3 O-O 13. Qe2 Rac8 14. Bg1 d5 15.
e5 Ne4 16. Bd4 Bc5 17. Nxe4 dxe4 18. Bxe4 Bxe4 19. Qxe4 Nb6 20. c3 Nc4 21. Rf2
h6 22. h3 Rfd8 23. Bxc5 Qxc5 24. Nd4 Nxb2 25. Rxb2 Qxc3 26. Rbb1 Rxd4 27. Qb7
Qc6 28. Qxc6 Rxc6 29. Rb4 Rcc4 30. Rxc4 Rxc4 31. g3 Kh7 32. Kg2 Kg6 33. Kf3 Ra4
0-1

[Event "EU-ch (Men) 11th"]
[Site "Rijeka"]
[Date "2010.03.08"]
[Round "3.186"]
[White "Barlocco, Carlo"]
[Black "Dubrovic, Mihovil"]
[Result "1-0"]
[WhiteElo "2173"]
[BlackElo "1876"]
[PlyCount "153"]
[EventDate "2010.03.06"]
[EventType "swiss"]
[EventRounds "11"]
[EventCountry "CRO"]
[SourceDate "2010.03.06"]

1. Nf3 Nf6 2. g3 g6 3. Bg2 Bg7 4. O-O O-O 5. c4 c6 6. d4 d5 7. b3 Bf5 8. Nc3
Re8 9. Bb2 Nbd7 10. Rc1 Nb6 11. Ne5 Rc8 12. f3 Nbd7 13. e4 Be6 14. f4 dxe4 15.
Nxe4 Nxe4 16. Bxe4 f6 17. Nd3 Bf7 18. Re1 e5 19. dxe5 fxe5 20. f5 Qc7 21. fxg6
Bxg6 22. Bxg6 hxg6 23. Qg4 Qd6 24. Rcd1 Qe6 25. Nf2 Nf8 26. Qxe6+ Rxe6 27. Ne4
Rce8 28. Rd3 Nh7 29. Rde3 b6 30. Kg2 Nf6 31. Ng5 Rd6 32. R3e2 Nd7 33. Ne4 Rde6
34. Rd1 R6e7 35. Rd6 c5 36. Rxg6 Kh7 37. Rd6 Nf8 38. Rf2 Ne6 39. Rxe6 Rxe6 40.
Ng5+ Kg6 41. Nxe6 Rxe6 42. g4 Bh6 43. Rf5 Bg7 44. h4 Rd6 45. h5+ Kh7 46. g5
Rd2+ 47. Rf2 Rd7 48. Kf3 Rd1 49. Ke4 Rg1 50. Kf5 e4 51. g6+ Kg8 52. Bxg7 e3 53.
Re2 Kxg7 54. Rxe3 Rf1+ 55. Ke6 Rh1 56. Rf3 Rxh5 57. Rf7+ Kxg6 58. Rxa7 Kg5 59.
Kd6 Kf5 60. Kc6 Rh6+ 61. Kb5 Ke5 62. Rb7 Rh2 63. Kxb6 Kd6 64. Rc7 Rxa2 65. Rc6+
Kd7 66. Rxc5 Rb2 67. Rd5+ Kc8 68. Rd3 Rh2 69. c5 Rh7 70. c6 Rh8 71. Rd7 Rh3 72.
b4 Rh4 73. b5 Rh1 74. Ra7 Kd8 75. Ra8+ Ke7 76. c7 Rh6+ 77. Kb7 1-0

[Event "EU-ch (Men) 11th"]
[Site "Rijeka"]
[Date "2010.03.08"]
[Round "3.187"]
[White "Sikanjic, Bojan"]
[Black "Lekic, Lazar"]
[Result "1-0"]
[WhiteElo "2170"]
[BlackElo "1849"]
[PlyCount "79"]
[EventDate "2010.03.06"]
[EventType "swiss"]
[EventRounds "11"]
[EventCountry "CRO"]
[SourceDate "2010.03.06"]

1. c4 Nf6 2. Nc3 g6 3. Nf3 Bg7 4. g3 O-O 5. Bg2 d6 6. O-O c6 7. d4 Qb6 8. b3 e5
9. Bb2 exd4 10. Nxd4 Nbd7 11. e4 Re8 12. Re1 Nc5 13. Rb1 Nfd7 14. Nf3 Ne5 15.
Nxe5 dxe5 16. Qc2 a5 17. Bc1 Ne6 18. Be3 Qb4 19. Na4 Ra6 20. c5 Nd4 21. Bxd4
exd4 22. f4 Bf5 23. a3 d3 24. Qxd3 Qd4+ 25. Qxd4 Bxd4+ 26. Kh1 Be6 27. Red1 Be3
28. Rd3 Bf2 29. Rb2 b5 30. cxb6 Bxb6 31. e5 Ba7 32. Rd6 Rb8 33. Bf1 Rxb3 34.
Bxa6 Rxb2 35. Nxb2 Bd5+ 36. Rxd5 cxd5 37. Kg2 Bc5 38. a4 Kf8 39. Nd3 Bb6 40.
Bb7 1-0

[Event "EU-ch (Men) 11th"]
[Site "Rijeka"]
[Date "2010.03.08"]
[Round "3.188"]
[White "Cabrijan, Ivan"]
[Black "Ernst, Michael"]
[Result "0-1"]
[WhiteElo "1811"]
[BlackElo "2166"]
[PlyCount "94"]
[EventDate "2010.03.06"]
[EventType "swiss"]
[EventRounds "11"]
[EventCountry "CRO"]
[SourceDate "2010.03.06"]

1. e4 e6 2. Nf3 d5 3. exd5 exd5 4. d4 Bd6 5. c4 c6 6. Nc3 Ne7 7. Bd3 O-O 8. O-O
dxc4 9. Bxc4 Nd7 10. Bd3 Nb6 11. Qc2 h6 12. Be3 Qc7 13. h3 Ned5 14. a3 Re8 15.
Qd2 Bf4 16. Rfe1 Bd7 17. Rac1 Rad8 18. a4 Bxe3 19. fxe3 Nxc3 20. bxc3 Nxa4 21.
Qa2 b5 22. Qf2 Qd6 23. Bb1 Qf6 24. e4 Nb6 25. Qg3 Nc4 26. e5 Qe7 27. Qf2 a5 28.
Qc2 g6 29. Qf2 a4 30. Ba2 Be6 31. Nh2 h5 32. Qf4 c5 33. Nf3 Bd5 34. Ng5 Nb6 35.
Bb1 b4 36. cxb4 cxb4 37. g4 hxg4 38. Qxg4 Kg7 39. h4 Be6 40. Qg3 Rxd4 41. Rc6
Rg4 42. Nxe6+ Qxe6 43. Rxe6 Rxg3+ 44. Kf2 Rxe6 45. Kxg3 b3 46. Kf4 a3 47. Re2
Nd5+ 0-1

[Event "EU-ch (Men) 11th"]
[Site "Rijeka"]
[Date "2010.03.08"]
[Round "3.189"]
[White "Demel, Paul"]
[Black "Mravic, Filip"]
[Result "1-0"]
[WhiteElo "2155"]
[BlackElo "1769"]
[PlyCount "93"]
[EventDate "2010.03.06"]
[EventType "swiss"]
[EventRounds "11"]
[EventCountry "CRO"]
[SourceDate "2010.03.06"]

1. Nf3 d5 2. d4 Nf6 3. c4 c6 4. Nc3 dxc4 5. a4 Bf5 6. e3 e6 7. Bxc4 Bb4 8. O-O
O-O 9. Qe2 Nbd7 10. e4 Bg4 11. e5 Nd5 12. Nxd5 cxd5 13. Bd3 f5 14. exf6 Qxf6
15. Bb5 Nb8 16. Qe3 Bxf3 17. gxf3 Nc6 18. Bxc6 bxc6 19. Rd1 Rae8 20. Bd2 Qg6+
21. Kf1 Bd6 22. Rac1 Bxh2 23. Rxc6 Qf5 24. Kg2 Rf6 25. Rdc1 Rg6+ 26. Kf1 Rg1+
27. Ke2 Rxc1 28. Rxc1 e5 29. Kd1 Bf4 30. Qe2 Bxd2 31. Kxd2 Qf4+ 32. Qe3 Qxd4+
33. Qxd4 exd4 34. b4 Kf7 35. Kd3 h5 36. Kxd4 g5 37. Kxd5 Re7 38. b5 h4 39. a5
Kf6 40. b6 axb6 41. axb6 Rb7 42. Kc6 Rb8 43. Kc7 Re8 44. b7 Kf5 45. Rc4 h3 46.
b8=Q Rxb8 47. Kxb8 1-0

[Event "EU-ch (Men) 11th"]
[Site "Rijeka"]
[Date "2010.03.08"]
[Round "3.190"]
[White "Krsnik Cohar, Ivan Vihor"]
[Black "Milonakis, Georgios"]
[Result "0-1"]
[WhiteElo "1780"]
[BlackElo "2154"]
[PlyCount "88"]
[EventDate "2010.03.06"]
[EventType "swiss"]
[EventRounds "11"]
[EventCountry "CRO"]
[SourceDate "2010.03.06"]

1. d4 Nf6 2. Nf3 g6 3. Bg5 Bg7 4. e3 O-O 5. Bd3 d5 6. O-O Bg4 7. Nbd2 Nbd7 8.
h3 Bxf3 9. Nxf3 Ne4 10. Bf4 e6 11. c3 Re8 12. Bxe4 dxe4 13. Ng5 f5 14. d5 e5
15. Ne6 Qc8 16. Nxg7 Kxg7 17. Bh2 Nc5 18. f4 exf3 19. Qxf3 Ne4 20. Rad1 Qd7 21.
g4 Nd6 22. b3 Qe7 23. c4 b6 24. Rde1 Rf8 25. Qg3 Rae8 26. Qg2 Qg5 27. gxf5
Qxg2+ 28. Kxg2 gxf5 29. Kf3 Ne4 30. Rg1+ Kf6 31. h4 Rg8 32. Rc1 Rg6 33. Rxg6+
hxg6 34. b4 Rc8 35. c5 bxc5 36. bxc5 Rd8 37. d6 cxd6 38. cxd6 Rxd6 39. Rc8 Rd2
40. Rc6+ Kf7 41. Bg3 Nxg3 42. Kxg3 Rxa2 43. Kf3 Ra4 44. h5 gxh5 0-1

[Event "EU-ch (Men) 11th"]
[Site "Rijeka"]
[Date "2010.03.08"]
[Round "3.191"]
[White "Russo, Carmelo"]
[Black "Kinez, Ivo"]
[Result "0-1"]
[WhiteElo "1739"]
[BlackElo "2138"]
[PlyCount "62"]
[EventDate "2010.03.06"]
[EventType "swiss"]
[EventRounds "11"]
[EventCountry "CRO"]
[SourceDate "2010.03.06"]

1. d4 Nf6 2. c4 g6 3. Nc3 d5 4. cxd5 Nxd5 5. e4 Nxc3 6. bxc3 Bg7 7. Bc4 c5 8.
Ne2 O-O 9. Be3 cxd4 10. cxd4 e6 11. O-O Nc6 12. Rb1 b6 13. Bb5 Bb7 14. Rc1 Na5
15. e5 Qd5 16. f3 Qxb5 17. Nc3 Qd7 18. a4 Nc4 19. Bf2 Rac8 20. Nb5 a6 21. Nc3
Bh6 22. Ne4 Bxe4 23. Rxc4 Rxc4 24. fxe4 Rc1 25. Qb3 Rxf1+ 26. Kxf1 b5 27. a5
Qc6 28. Qh3 Qc1+ 29. Ke2 Rc8 30. Qh4 Rc2+ 31. Kf3 Qd1+ 0-1

[Event "EU-ch (Men) 11th"]
[Site "Rijeka"]
[Date "2010.03.08"]
[Round "3.192"]
[White "Plenca, Jadranko"]
[Black "Valenti, Giuseppe"]
[Result "0-1"]
[WhiteElo "1718"]
[BlackElo "2130"]
[PlyCount "44"]
[EventDate "2010.03.06"]
[EventType "swiss"]
[EventRounds "11"]
[EventCountry "CRO"]
[SourceDate "2010.03.06"]

1. e4 c5 2. Nf3 e6 3. c3 Nf6 4. e5 Nd5 5. d4 cxd4 6. cxd4 d6 7. Bb5+ Bd7 8.
Bxd7+ Nxd7 9. O-O Qc7 10. Re1 dxe5 11. Nxe5 Bb4 12. Bd2 O-O 13. Bxb4 Nxb4 14.
Nc3 Nf6 15. a3 Nbd5 16. Nxd5 Nxd5 17. Rc1 Qe7 18. Qb3 Rac8 19. Rc2 Nf4 20. Rec1
Ne2+ 21. Kf1 Nxc1 22. Qa4 b5 0-1